Statistiken für Pokemon Arenaleiter und Top 4 - 4. Gen.

Klicken Sie hier um das Quiz zu spielen!

Allgemein

  • Dieses Quiz wurde 88 mal gespielt
  • Das Durchschnittsergebnis liegt bei 19 aus 34

Antwortstatistiken

HintAnswers% Korrekt
TypGestein
96%
NameCynthia
93%
TypElektro
93%
TypEis
92%
TypFeuer
92%
TypWasser
92%
TypGeist
90%
TypKäfer
90%
TypPflanze
90%
TypPsycho
89%
TypStahl
89%
TypBoden
87%
TypKampf
87%
NameVeit
82%
NameMarinus
66%
NameIgnaz
62%
NameVolkner
61%
NameAdam
48%
NameSilvana
48%
NameLucian
45%
NameLamina
41%
NameHerbaro
39%
NameHilda
39%
NameFrieda
38%
NameTeresa
38%
Typverschieden
23%
OrdenFennorden
18%
OrdenKohleorden
18%
OrdenMinenorden
18%
OrdenBergorden
17%
Orden
Waldorden
17%
OrdenReliktorden
15%
OrdenFirnorden
13%
OrdenLichtorden
13%

Verteilung der Resultate

Perzentil nach korrekt beantworteten Fragen

Anzahl Personen mit jedem Resultat

Ihre Resultats-Entwicklung

Sie haben dieses Quiz noch nicht gespielt